| 000 | 00939nam a2200241 a 4500 | ||
|---|---|---|---|
| 001 | BRCA_4849 | ||
| 005 | 20190320204830.0 | ||
| 008 | 050119s2004 sp-######b---#000-0#spa-# | ||
| 020 | _a8488333927 | ||
| 041 | _aspa | ||
| 044 | _asp | ||
| 050 | 4 |
_aPQ6181 _b.P36 2004 |
|
| 100 | 1 |
_aPantoja Rivero, Juan Carlos _912280 |
|
| 245 | 1 | 0 |
_aAntología de poemas caballerescos castellanos _cJuan Carlos Pantoja Rivero. |
| 260 |
_aEspaña _bCentro de Estudios Cervantinos _c2004 |
||
| 300 |
_a371 p. _c24 cm. |
||
| 504 | _aBibliografía: p. [369]-371 | ||
| 505 | 0 | _aPironiso / Martín Caro del Rincón. -- Celidón de Iberia / Gonzalo Gómez de Luque. -- Florando de Castilla / Jerónimo de Huerta. -- La toledana discreta / Eugenio Martínez. -- Monstruo español / Miguel González de Cunedo | |
| 650 | 1 | 4 |
_aPoesía española _xHistoria y crítica _ya 1500 _912281 |
| 650 | 1 | 4 |
_aCaballería _vPoesía _912282 |
| 902 | _aCERV | ||
| 942 |
_2lcc _cB |
||
| 999 |
_c4543 _d4543 |
||